Historial deportivo de la PUCV
Guardat en:
| Autor corporatiu: | |
|---|---|
| Format: | Llibre |
| Idioma: | espanyol |
| Publicat: |
Valparaíso
Pontificia Universidad Católica de Valparaíso
2009
|
| Matèries: | |
| Etiquetes: |
Afegir etiqueta
Sense etiquetes, Sigues el primer a etiquetar aquest registre!
|
MARC
| LEADER | 00000nam a2200000 a 4500 | ||
|---|---|---|---|
| 001 | UCG3752 | ||
| 003 | CL-VaPUC | ||
| 008 | 100916e20090000CL |||||||||||||||||spa|d | ||
| 082 | 0 | 4 | |a 796.043 |b DIR |2 21 |
| 110 | 2 | |a Dirección de Deportes y Recreación PUCV |e author |9 553032 | |
| 245 | 1 | 0 | |a Historial deportivo de la PUCV |
| 300 | |a 34 h | ||
| 942 | |c BK | ||
| 945 | |d 20100916 00:00:00 |a dcastane | ||
| 260 | |a Valparaíso |b Pontificia Universidad Católica de Valparaíso |c 2009 | ||
| 600 | 0 | |a Pontificia Universidad Católica de Valparaíso |9 487638 | |
| 600 | 0 | 7 | |a DIRECCION DE DEPORTES Y RECREACION |2 CL-VaPUC |9 553033 |
| 650 | 0 | |a Deportes |9 224367 | |
| 650 | 0 | |a Educación superior |9 223851 | |
| 650 | 0 | |a Universidades |9 256317 | |
| 650 | 0 | |a Educación física |9 240893 | |
| 583 | |a last modification |c 20100916 00:00:00 |k Rodrigo Vera | ||
| 999 | |c 342760 |d 342758 | ||
| 952 | |0 0 |1 0 |4 0 |6 796_043000000000000_DIR_2009 |7 0 |8 X |9 439259 |a FDOBUD |b FDOBUD |d 2019-11-22 |i 471122K |o 796.043 DIR 2009 |p 471122K |r 2019-11-22 |w 2019-11-22 |y BK_X |k BUD | ||
| 952 | |0 0 |1 0 |4 0 |6 796_043000000000000_DIR_2009 |7 0 |8 X |9 439260 |a FDOBUD |b FDOBUD |d 2019-11-22 |i 4711238 |o 796.043 DIR 2009 |p 4711238 |r 2019-11-22 |w 2019-11-22 |y BK_X |k BUD | ||